Estadísticas para Países Más Grandes por Población

Haz click aquí para intentar la prueba.

Estadísticas generales

  • Esta prueba ha sido intentada 48 veces
  • La puntuación promedio es 19 de 24

Estadísticas de respuestas

PoblaciónPaís% Correcto
1 383 MChina
100%
325 MEstados Unidos
97%
1 316 MIndia
97%
147 MRusia
97%
123 MMéxico
94%
83 MAlemania
91%
207 MBrasil
88%
127 MJapón
88%
162 MBangladés
85%
67 MFrancia
85%
263 MIndonesia
82%
80 MIrán
82%
196 MPakistán
82%
65 MReino Unido
82%
93 MEgipto
79%
192 MNigeria
79%
60 MItalia
76%
82 MRep. Dem. del Congo
76%
79 MTurquía
70%
104 MEtiopía
67%
68 MTailandia
67%
92 MVietnam
64%
104 MFilipinas
61%
57 MTanzania
45%

Distribución de puntuación

Porcentaje por número respondido

Porcentaje de gente con cada puntuación

Historial de tus puntuaciones

No has intentado esta prueba.